Statystyki dla Quiz o Filipinach

Kliknij tutaj aby rozwiązać quiz!

Ogólne statystyki

  • Ten quiz został rozwiązany 957 razy
  • Średni wynik to 8 z 20

Statystyki odpowiedzi

WskazówkaOdpowiedź% Poprawnych
StolicaManila
93%
Państwa, które okupowały FilipinyJaponia
79%
Państwa, które okupowały FilipinyStany Zjednoczone
75%
Państwa, które okupowały FilipinyHiszpania
69%
Odkrywca, który zginął
na Filipinach w 1521 roku
Ferdynand Magellan
67%
Najczęściej używany językFilipiński (Tagalski)
66%
Rodzaj klęski żywiołowej,
która wydarzyła się w 2013 r.
Tajfun
55%
Największe wyspyLuzon
42%
Największe wyspyMindanao
31%
Najbardziej zaludnione miasto
(część metropolii stolicy)
{Quezon} City
31%
Generał USA, który był również
marszałkiem polnym armii filipińskiej
Douglas MacArthur
29%
Druga największa metropoliaCebu
26%
Bokser, który był mistrzem świata
w ośmiu dywizjach
Manny Pacquiao
25%
Największe wyspyNegros
20%
Kontrowersyjny aktualny prezydentRodrigo Duterte
20%
Była pierwsza dama /
kolekcjonerka butów
Imelda Marcos
19%
Wzgórza, które zmieniają kolor na
brązowy w porach suchych
Wzgórza {Czekoladowe}
18%
Największe wyspySamar
17%
Wulkan, który wybuchł w 1991 r.,
co było największą erupcją od 108 lat
Pinatubo
16%
Slang, którym określa się osobę
pochodzącą z Filipin
Pinoy
13%

Rozkład punktacji

Percentyl według liczby udzielonych odpowiedzi

Procent ludzi z każdym wynikiem

Twoja historia wyników

Nie rozwiązałeś tego quizu